The essays of Montaigne / (Record no. 9817)
[ view plain ]
| 000 -LEADER | |
|---|---|
| fixed length control field | 00981nam a2200289 a 4500 |
| 001 - CONTROL NUMBER | |
| JCCL Control Number | 9817 |
| 003 - CONTROL NUMBER IDENTIFIER | |
| JCCL marc code | BD-JhCC |
| 005 - DATE AND TIME OF LATEST TRANSACTION | |
| control field | 20180401181634.0 |
| 008 - FIXED-LENGTH DATA ELEMENTS--GENERAL INFORMATION | |
| fixed length control field | 180401s1927 enka b 001 0 eng d |
| 035 ## - SYSTEM CONTROL NUMBER | |
| system control number | (BD-JhCC)9817 |
| 035 ## - SYSTEM CONTROL NUMBER | |
| system control number | 2456493 |
| 040 ## - CATALOGING SOURCE | |
| Original cataloging agency | BD-JhCC |
| Transcribing agency | NZOC |
| Modifying agency | BD-JhCC |
| 041 1# - LANGUAGE CODE | |
| Language code of Book | eng |
| Language code of original and/or intermediate translations of text | fre |
| 082 ## - DEWEY DECIMAL CLASSIFICATION NUMBER | |
| Classification number | 844.3 |
| 100 1# - MAIN ENTRY--PERSONAL NAME | |
| Personal name | Montaigne, Michel de, |
| Dates associated with a name | 1533-1592. |
| 240 10 - UNIFORM TITLE | |
| Uniform title | Essais. |
| 245 14 - TITLE STATEMENT | |
| Title | The essays of Montaigne / |
| Statement of responsibility, etc | translated by E. J. Trechmann ; with an introduction by the Rt. Hon. J. M. Robertson. |
| 260 ## - PUBLICATION, DISTRIBUTION, ETC. (IMPRINT) | |
| Place of publication, distribution, etc | London : |
| Name of publisher, distributor, etc | Oxford University Press, H. Milford, |
| Date of publication, distribution, etc | 1927. |
| 300 ## - PHYSICAL DESCRIPTION | |
| Pagination | Verious pages. ; |
| Dimensions | 19 cm. |
| 500 ## - GENERAL NOTE | |
| General note | "The present translation is based upon the Bordeaux copy."--v. 1, p. xv. |
| 504 ## - BIBLIOGRAPHY, ETC. NOTE | |
| Bibliography, etc | Includes bibliographical references and index. |
| 650 ## - SUBJECT ADDED ENTRY--TOPICAL TERM | |
| Topical term or geographic name as entry element | French essays |
| 700 1# - ADDED ENTRY--PERSONAL NAME | |
| Personal name | Robertson, J. M. |
| Fuller form of name | (John Mackinnon), |
| Dates associated with a name | 1856-1933. |
| 700 1# - ADDED ENTRY--PERSONAL NAME | |
| Personal name | Trechmann, E. J. |
| Fuller form of name | (Emil Julius), |
| Dates associated with a name | 1856?- |
| 942 ## - ADDED ENTRY ELEMENTS (KOHA) | |
| Source of classification or shelving scheme | Dewey Decimal Classification |
| Koha item type | Books |
| Source of classification or shelving scheme | Damaged status | Not for loan | Home library | Current library | Shelving location | Date of accession | Source of acquisition | Full call number | Barcode | Date last seen | Copy number | Koha item type |
|---|---|---|---|---|---|---|---|---|---|---|---|---|
| Dewey Decimal Classification | JCC Rouf Library | JCC Rouf Library | General Stacks | 04/01/2018 | The Asia Foundation | 844.3 TRE 1687 | 12208 | 04/01/2018 | C-1 | Books |